Nigerian journal of management research (Record no. 38549)

MARC details
000 -LEADER
fixed length control field 00453nam a2200169Ia 4500
022 ## - INTERNATIONAL STANDARD SERIAL NUMBER
ISSN 15961907
050 ## - CALL MARK
Classification number HD 30.42.N5 .N54/
245 #0 - TITLE STATEMENT
Title Nigerian journal of management research
260 ## - PUBLICATION, DISTRIBUTION, ETC. (IMPRINT)
Place of publication Enugu, Nigeria
260 ## - PUBLICATION, DISTRIBUTION, ETC. (IMPRINT)
Name of publisher Kaltrox images Ltd
260 ## - PUBLICATION, DISTRIBUTION, ETC. (IMPRINT)
Year of publication 2017
300 ## - PHYSICAL DESCRIPTION
Number of Pages 200 p. :ill. 24 cm
650 ## - SUBJECT ADDED ENTRY--TOPICAL TERM
Topical Term Management--Research--Nigeria--Periodicals.
942 ## - ADDED ENTRY ELEMENTS (KOHA)
Koha item type Serials

No items available.